| 000 | 00415cam a2200169ua 4500 | ||
|---|---|---|---|
| 020 | _c8.75 | ||
| 041 |
_aeng _h |
||
| 082 |
_a539.7 _bBRO/MAT |
||
| 100 | _aBroglie, Louis De . | ||
| 245 |
_aMatter and light the new physics / _cLouis De Broglie. _hTextual Documents |
||
| 260 |
_a : _bJohnston W H , _c1937. |
||
| 300 | _a315 ; . | ||
| 365 | _a8.75 | ||
| 504 | _a | ||
| 942 | _cBK | ||
| 999 |
_c10075 _d10075 |
||